Vietnamese Evangelicals and Pentecostalism : the politics of divine intervention /
This book offers an analysis of the historical, theological, and social conditions that give rise to the growth of pentecostalism among contemporary Vietnamese evangelicals. Emerging from the analysis is an understanding of how underprivileged evangelicals have utilized the pentecostal emphasis on d...
المؤلف الرئيسي:
التنسيق: كتاب الكتروني
اللغة: English
منشور في:
Boston :
Brill,
2018.
سلاسل:
Global Pentecostal and Charismatic Studies
29.
Religious Studies, Theology and Philosophy E-Books Online, Collection 2018, ISBN: 9789004353350.
الموضوعات:
الوصول للمادة أونلاين: Login to view Source
الوسوم: إضافة وسم
رقم الطلب: BR1187 .L4 2018
| LEADER | 02693cam a22004818i 4500 | ||
|---|---|---|---|
| 001 | BRILL9789004383838 | ||
| 003 | nllekb | ||
| 005 | 20210602095908.0 | ||
| 006 | m d | ||
| 007 | cr un uuuua | ||
| 008 | 180822s2018 mau b 000 0 eng | ||
| 010 | |a 2018039993 | ||
| 020 | |a 9789004383838 |q (electronic book) | ||
| 020 | |z 9789004383821 |q (print) | ||
| 024 | 7 | |a 10.1163/9789004383838 |2 DOI | |
| 040 | |a NL-LeKB |c NL-LeKB |e rda | ||
| 043 | |a a-vt--- | ||
| 050 | 4 | |a BR1187 |b .L4 2018 | |
| 072 | 7 | |a HRCC96 |2 bicssc | |
| 072 | 7 | |a REL |x 079000 |2 bisacsh | |
| 082 | 0 | 4 | |a 275.97/082 |2 23 |
| 100 | 1 | |a Le, Vince, |e author. | |
| 245 | 1 | 0 | |a Vietnamese Evangelicals and Pentecostalism : |b the politics of divine intervention / |c by Vince Le. |
| 264 | 1 | |a Boston : |b Brill, |c 2018. | |
| 300 | |a 1 online resource. | ||
| 336 | |a text |b txt |2 rdacontent | ||
| 337 | |a unmediated |b n |2 rdamedia | ||
| 338 | |a online resource |2 rdacarrier | ||
| 490 | 0 | |a Global Pentecostal and charismatic studies, |x 1876-2247 ; |v volume 29 | |
| 490 | 0 | |a Religious Studies, Theology and Philosophy E-Books Online, Collection 2018, ISBN: 9789004353350 | |
| 504 | |a Includes bibliographical references. | ||
| 505 | 0 | 0 | |a Introduction -- The World -- Justice -- Culture -- Development -- The Underprivileged -- Conclusion. |
| 520 | |a This book offers an analysis of the historical, theological, and social conditions that give rise to the growth of pentecostalism among contemporary Vietnamese evangelicals. Emerging from the analysis is an understanding of how underprivileged evangelicals have utilized the pentecostal emphasis on divine intervention in their pursuit of the betterment of life amid religious and ethnic marginalization. Within the context of the global growth of pentecostalism, Vietnamese Evangelicals and Pentecostalism shows how people at the grassroots marry the deeply local-based meaning dictated by the particularity of living context and the profoundly universal truth claims made by a religion aspiring to reach all four corners of the earth to enhance life. | ||
| 650 | 0 | |a Christianity |z Vietnam. | |
| 650 | 0 | |a Evangelicalism |z Vietnam. | |
| 650 | 0 | |a Pentecostalism |z Vietnam. | |
| 776 | 0 | 8 | |i Print version: |t Vietnamese Evangelicals and Pentecostalism |d Leiden ; Boston : BRILL, [2019], |z 9789004383821 |
| 830 | 0 | |a Global Pentecostal and Charismatic Studies |v 29. | |
| 830 | 0 | |a Religious Studies, Theology and Philosophy E-Books Online, Collection 2018, ISBN: 9789004353350. | |
| 856 | 4 | |z DOI: |u http://dx.doi.org/10.1163/9789004383838 | |
| 942 | |c EBOOK | ||
| 952 | |0 0 |1 0 |4 0 |7 1 |9 13588 |a BRILL |b BRILL |d 2021-06-02 |l 0 |r 2021-06-02 00:00:00 |w 2021-06-02 |y EBOOK | ||
| 999 | |c 35040 |d 35040 | ||
